Liverpool Squad Numbers - Statistics

General Stats
  • This quiz has been taken 516 times
  • The average score is 16 of 26
Answer Stats
Hint Answer % Correct
8 Steven Gerrard
90%
14 Jordan Henderson
83%
22 Simon Mignolet
82%
15 Daniel Sturridge
80%
10 Philippe Coutinho
79%
2 Glen Johnson
73%
20 Adam Lallana
72%
6 Dejan Lovren
72%
37 Martin Skrtel
70%
18 Alberto Moreno
68%
31 Raheem Sterling
67%
45 Mario Balotelli
66%
1 Brad Jones
65%
23 Emre Can
63%
3 Jose Enrique
62%
9 Rickie Lambert
62%
21 Lucas Leiva
61%
24 Joe Allen
58%
4 Kolo Toure
58%
50 Lazar Markovic
58%
17 Mamadou Sakho
58%
38 Jon Flanagan
53%
29 Fabio Borini
47%
19 Javi Manquillo
35%
30 Suso
26%
36 Samed Yesil
15%
No matching quizzes found
Score Distribution
Percent of People with Each Score
Percentile by Number Answered
Your Score History
You have not taken this quiz